Statistics for Famous Leftists by Picture

Click here to take the quiz!

General Stats

  • This quiz has been taken 115 times
  • The average score is 10 of 16

Answer Stats

Answer% Correct
Mao Zedong
95%
Karl Marx
94%
Che Guevara
93%
Martin Luther King Jr.
93%
Vladimir Lenin
93%
Fidel Castro
85%
Bernie Sanders
78%
Ho Chi Minh
72%
George Orwell
54%
Rosa Luxemburg
52%
Friedrich Engels
46%
Luiz Inácio Lula da Silva
46%
Noam Chomsky
46%
Thomas Sankara
28%
Antonio Gramsci
11%
Eugene V. Debs
11%

Score Distribution

Percentile by Number Answered

Percent of People with Each Score

Your Score History

You have not taken this quiz